<?xml version="1.0" encoding="UTF-8"?>
<record
    xmlns:xsi="http://www.w3.org/2001/XMLSchema-instance"
    xsi:schemaLocation="http://www.loc.gov/MARC21/slim http://www.loc.gov/standards/marcxml/schema/MARC21slim.xsd"
    xmlns="http://www.loc.gov/MARC21/slim">

  <leader>00818nam a22002057a 4500</leader>
  <controlfield tag="005">20231204095941.0</controlfield>
  <controlfield tag="008">231204b           ||||| |||| 00| 0 eng d</controlfield>
  <datafield tag="040" ind1=" " ind2=" ">
    <subfield code="c">AL</subfield>
  </datafield>
  <datafield tag="041" ind1=" " ind2=" ">
    <subfield code="a">Kannada</subfield>
  </datafield>
  <datafield tag="082" ind1=" " ind2=" ">
    <subfield code="2">23</subfield>
    <subfield code="a">327.73056K</subfield>
    <subfield code="b">PUTP</subfield>
  </datafield>
  <datafield tag="100" ind1=" " ind2=" ">
    <subfield code="a">A S Puthige  &#xC8E; &#xC8E;&#xCB8;&#xCCD; &#xCAA;&#xCC1;&#xCA4;&#xCCD;&#xCA4;&#xCBF;&#xC97;&#xCC6;</subfield>
    <subfield code="9">144132</subfield>
  </datafield>
  <datafield tag="245" ind1=" " ind2=" ">
    <subfield code="a">Palestinenalli Nadeytthiruvudenu   &#xCAB;&#xCC6;&#xCB2;&#xCC6;&#xCB8;&#xCCD;&#xCA4;&#xCC0;&#xCA8;&#xCCD; &#xCA8;&#xCB2;&#xCCD;&#xCB2;&#xCBF; &#xCA8;&#xCA1;&#xCC6;&#xCAF;&#xCC1;&#xCA4;&#xCCD;&#xCA4;&#xCBF;&#xCB0;&#xCC1;&#xCB5;&#xCC1;&#xCA6;&#xCC7;&#xCA8;&#xCC1;? </subfield>
  </datafield>
  <datafield tag="260" ind1=" " ind2=" ">
    <subfield code="a">Bengaluru</subfield>
    <subfield code="b">Madhyama Prakashana</subfield>
    <subfield code="c">2023</subfield>
  </datafield>
  <datafield tag="300" ind1=" " ind2=" ">
    <subfield code="a">188 p.</subfield>
    <subfield code="b">PB</subfield>
    <subfield code="c">21.2x14 cm.</subfield>
  </datafield>
  <datafield tag="365" ind1=" " ind2=" ">
    <subfield code="a">BLCR-000064</subfield>
    <subfield code="b">&#x20B9;184.00</subfield>
    <subfield code="c">&#x20B9;</subfield>
    <subfield code="d">&#x20B9;230.00</subfield>
    <subfield code="e">20%</subfield>
    <subfield code="f">25-11-2023</subfield>
  </datafield>
  <datafield tag="650" ind1=" " ind2=" ">
    <subfield code="a">Israel-Palestine </subfield>
    <subfield code="9">144113</subfield>
  </datafield>
  <datafield tag="650" ind1=" " ind2=" ">
    <subfield code="a">A Collection of 25 Articles in Vartha Bharathi Kannada Daily in the Year 2021</subfield>
    <subfield code="9">144114</subfield>
  </datafield>
  <datafield tag="700" ind1=" " ind2=" ">
    <subfield code="a">Puthige (A S)</subfield>
    <subfield code="9">144133</subfield>
  </datafield>
  <datafield tag="942" ind1=" " ind2=" ">
    <subfield code="2">ddc</subfield>
    <subfield code="c">BK</subfield>
  </datafield>
  <datafield tag="999" ind1=" " ind2=" ">
    <subfield code="c">229358</subfield>
    <subfield code="d">229358</subfield>
  </datafield>
  <datafield tag="952" ind1=" " ind2=" ">
    <subfield code="0">0</subfield>
    <subfield code="1">0</subfield>
    <subfield code="2">ddc</subfield>
    <subfield code="4">0</subfield>
    <subfield code="7">0</subfield>
    <subfield code="8">PS</subfield>
    <subfield code="a">AL</subfield>
    <subfield code="b">AL</subfield>
    <subfield code="d">2023-11-27</subfield>
    <subfield code="e">Navakarnataka Publications Pvt.Ltd.</subfield>
    <subfield code="g">184.00</subfield>
    <subfield code="l">0</subfield>
    <subfield code="o">327.73056K PUTP</subfield>
    <subfield code="p">076974</subfield>
    <subfield code="r">2023-12-04 00:00:00</subfield>
    <subfield code="v">230.00</subfield>
    <subfield code="w">2023-12-04</subfield>
    <subfield code="y">BK</subfield>
  </datafield>
</record>
